Normal view
MARC view
- Landeros Aguirre, Leticia G.
Entry Nombre Personal
001 - NUMERO DE CONTROL
- campo de control: 35183
003 - IDENTIFICADOR DE NUMERO DE CONTROL
- campo de control: UPN
005 - FECHA Y HORA DE LA ÜLTIMA TRANSACCIÓN
- campo de control: 20210219194500.0
008 - DATOS DE LONGITUD FIJA
- campo de control de longitud fija: nabaccnnaabn|||||||||| b |nc|||||d
035 ## - NUMERO DE CONTROL
- Número de control: UPN11000007290
040 ## - FUENTE DE CATALOGACIÓN
- Lenguaje de catalogación: SPA
- Agencia de transcripción: UPN
100 1# - ENCABEZAMIENTO - NOMBRE PERSONAL
- Nombre personal: Landeros Aguirre, Leticia G.
670 ## - FUENTE EN LA QUE SE LOCALIZARON DATOS
- Cita de la fuente: T
- Uniform Resource Identifier: http://www.libreroonline.com/mexico/libros/112014/landeros-aguirre-leticia-g/curso-taller-discapacidad-y-discriminacion.html
680 ## - NOTA PUBLICA DE ACCESO PÚBLICO
- Frase explicativa de la referencia: Maestra en Ciencias con Especialidad en Investigación Educativa mexicana
902 ## - CATALOGADOR
- Catalogador: MMA/060514
